01370nkm a22002177a 45000010006000000050017000060070007000230080041000300400024000712450080000952600014001753000073001895000110002625000406003726550042007788520012008208560150008329420020009829520133010029990017011358586820260430134722.0kh bo 260430s1900 sp ||||| |||| |0| i|spa d aM-RABAbspacM-RABA01a[Pintura española S.XVIIb: Heráclito de Éfeso]h[Material gráfico] c[ca.1900] a1 fotografíab: reproducción fotomecánicac, imagen 22 x 29 cm00aFotografía de una pintura que representa al filósofo Heráclito de Éfeso del pintor Luca Giordano.00aLa fotografía se encuentra en un estado de conservación regular debido seguramente a un mal almacenamiento. Presenta varias dobleces que se marcan a lo largo de todo el perímetro de la imagen y un desgarro en la esquina inferior izquierda que se encuentra sin consolidar. También presenta un pequeño agujero en la parte central superior lo que indica que fue colgada con un objeto punzante.  7aFotografías de obras de arte975675 jFot-845 uhttps://archivoybiblioteca.realacademiabellasartessanfernando.com/cgi-bin/koha/opac-retrieve-file.pl?id=d372f720f5e2a5a0a470e3e4284ac440yFot-845 cFOTOGRAFÍAn0 00102ddc40708FOTOGRAFIAaRABASFbRABASFcDP2d2026-04-30l0oFot-845p1097185r2026-04-30 13:47:43w2026-04-30yFOTOGRAFÍA c85868d85868